000 01139nam0a22002891 4500
001 rc\3292595
005 20260408023328.0
021 _aRU
_b69-25861
021 _aRU
_bРг5563-69
035 _a(NLR Aleph) 007404289
090 _a6746492
_c6746492
100 _a20130115d1969 u y0rusy50 ca
101 0 _arus
102 _aRU
105 _aa z |||||
200 1 _aЭффективные методы предупреждения и тушения пожаров в угольных шахтах
_e(Темат. обзор)
_fУпр. угольной пром-сти КазССР. Отд. техн. информации
210 _aКараганда
_cБ. и.
_d1969
215 _a18 с., включ. обл.
_cил.
_d28
300 _aВ вып. дан. авт.: инж. Н. Широких
309 _aОтпеч. множит. аппаратом
700 1 _aШироких
_bН.
712 0 1 _aКазССР
_bУправление угольной промышленности
_9864396
_3RU\NLR\AUTH\8810183832
801 0 _aRU
_bNLR
_gpsbo
801 1 _aRU
_bELAR
_2rusmarc
852 _aNLR
_j69-8/978
942 _cBOOK
980 _aNB